000 00381nam a2200157Ia 4500
008 230917s9999||||xx |||||||||||||| ||und||
020 _cRS3.5
040 _e48823
_aMAIN
041 _aEnglish
082 _a822.33 S15J
100 _aShakespeare, William
245 0 _aJulius Caesar
260 _aCambridge
_bCambridge University Press
_c1963
300 _a208 p.
942 _cBK
999 _c186074
_d186074